000 00288nam a2200121Ia 4500
005 20251222144650.0
008 251222s9999||||xx |||||||||||||| ||spa||
020 _a0-582-79454-4
082 _aREF.423/L85S
245 0 _aLongman Active Study Dictionary
264 _bLongman
942 _cLIB
999 _c17021
_d17021